|
|
|
|
| LEADER |
00642nam a22002052a 4500 |
| 001 |
001411337 |
| 003 |
CZ BrMZK |
| 005 |
20160314093623.0 |
| 007 |
ta |
| 008 |
140813s1958 gw er|||||||||||ger d |
| 040 |
|
|
|a ABA007
|b cze
|d BOA001
|
| 100 |
1 |
|
|a Neubert, Rudolf,
|d 1898-1992
|7 jx20050629031
|4 aut
|
| 245 |
1 |
0 |
|a Du könntest länger leben ... und gesund bleiben! /
|c Rudolf Neubert
|
| 260 |
|
|
|a Berlin :
|b Neues Leben,
|c 1958
|
| 300 |
|
|
|a 137 s.
|
| 504 |
|
|
|a Obsahuje bibliografii
|
| 910 |
|
|
|a BOA001
|b 2-0415.685
|
| 990 |
|
|
|a BK
|
| 991 |
|
|
|b 201408
|
| 996 |
7 |
|
|b 2619118516
|c 2-0415.685
|l MZK
|r Sklad / do 24 hodin
|n 0
|w 001446519
|u 000010
|a 1
|e BOA001
|j MZK50
|s A
|